[Event "GRE-chT 50th"]
[Site "Nikaia"]
[Date "2023.08.26"]
[Round "3.1"]
[White "Mastrovasilis, Dimitrios"]
[Black "Mitsis, Georgios"]
[Result "1/2-1/2"]
[WhiteElo "2587"]
[BlackElo "2399"]
[PlyCount "59"]
[EventDate "2023.08.25"]
[EventType "team"]
[EventRounds "9"]
[EventCountry "GRE"]
[SourceTitle "EXT 2024"]
[Source "ChessBase"]
[SourceDate "2023.10.10"]
[SourceVersion "1"]
[SourceVersionDate "2023.10.10"]
[SourceQuality "1"]
[WhiteTeam "Kavalas"]
[BlackTeam "Panionios"]
[WhiteTeamCountry "GRE"]
[BlackTeamCountry "GRE"]

1. e4 c5 2. Nf3 Nc6 3. Bb5 Nf6 4. Bxc6 dxc6 5. d3 Qc7 6. Nbd2 e5 7. Nc4 Nd7 8. Bd2 Be7 9. 0-0 0-0 10. Qe1 Re8 11. a4 b6 12. b4 cxb4 13. Bxb4 Bxb4 14. Qxb4 Ba6 15. Rfb1 Bxc4 16. Qxc4 Qd6 17. Nd2 Nf8 18. Qb4 Qxb4 19. Rxb4 Ne6 20. Nc4 f6 21. g3 Red8 22. Ne3 Rd7 23. Kg2 Rad8 24. Rc4 Rc7 25. Ra3 g6 26. Rac3 Rdc8 27. Rb4 Rd8 28. Rbc4 Rdc8 29. Rb4 Rd8 30. Rbc4 1/2-1/2

[Event "Belgrade Serbia op"]
[Site "Belgrade"]
[Date "2023.07.22"]
[Round "7"]
[White "Mitsis, Georgios"]
[Black "Zlatkov, Anton"]
[Result "1-0"]
[WhiteElo "2412"]
[BlackElo "2232"]
[PlyCount "81"]
[EventDate "2023.07.16"]
[EventType "swiss"]
[EventRounds "9"]
[EventCountry "SRB"]
[SourceTitle "CBM 215 Extra"]
[Source "ChessBase"]
[SourceDate "2023.09.30"]
[SourceVersion "1"]
[SourceVersionDate "2023.09.30"]
[SourceQuality "1"]

1. d4 Nf6 2. Nf3 e6 3. c4 Bb4+ 4. Bd2 Qe7 5. g3 0-0 6. Bg2 Bxd2+ 7. Qxd2 d6 8. Nc3 e5 9. 0-0 Nc6 10. dxe5 dxe5 11. Nd5 Qd6 12. Rfd1 h6 13. Qc2 Nxd5 14. cxd5 Nb4 15. Qc4 a5 16. a3 Na6 17. Qc3 e4 18. Nd2 Qxd5 19. Nxe4 Qh5 20. Rd5 Qg6 21. Rxa5 Bg4 22. Nc5 Nxc5 23. Rxa8 Rxa8 24. Qxc5 Qf6 25. Qb4 Bxe2 26. Qxb7 Rd8 27. Qxc7 Rd2 28. Qc8+ Kh7 29. Qc3 Qxc3 30. bxc3 Kg8 31. a4 Rc2 32. a5 Ba6 33. Bf1 Bxf1 34. Kxf1 Rxc3 35. a6 Rc8 36. a7 Ra8 37. Ke2 Kf8 38. Kd3 Ke7 39. Kc4 Kd6 40. Kb5 Kc7 41. Ka6 1-0

[Event "Paracin op 16th"]
[Site "Paracin"]
[Date "2023.07.08"]
[Round "3"]
[White "Morvekar, Kedar"]
[Black "Mitsis, Georgios"]
[Result "0-1"]
[WhiteElo "2049"]
[BlackElo "2412"]
[PlyCount "108"]
[EventDate "2023.07.07"]
[EventType "swiss"]
[EventRounds "9"]
[EventCountry "SRB"]
[SourceTitle "EXT 2024"]
[Source "ChessBase"]
[SourceDate "2023.10.10"]
[SourceVersion "1"]
[SourceVersionDate "2023.10.10"]
[SourceQuality "1"]

1. Nf3 d5 2. g3 Nd7 3. Bg2 e5 4. 0-0 Ngf6 5. d4 e4 6. Ne5 Bd6 7. Nxd7 Bxd7 8. c4 c6 9. Bg5 Be7 10. Nc3 Be6 11. cxd5 cxd5 12. Qa4+ Qd7 13. Qxd7+ Nxd7 14. Be3 Nb6 15. Nb5 Kd7 16. Rac1 Rhc8 17. b3 a6 18. Nc3 Ba3 19. Rc2 Rc6 20. Bc1 Be7 21. Bb2 Rac8 22. e3 R8c7 23. Rb1 Bb4 24. Rbc1 Nc8 25. Bf1 f5 26. h4 h6 27. a3 Be7 28. Be2 g5 29. hxg5 hxg5 30. Bd1 f4 31. gxf4 gxf4 32. exf4 Nd6 33. Na4 Rxc2 34. Rxc2 Rxc2 35. Bxc2 Kc6 36. Nc3 Bf6 37. Ne2 Kd7 38. a4 Bg4 39. Ng3 Ke6 40. Kf1 Nc8 41. Ke1 Ne7 42. Bd1 Bh3 43. Kd2 Ng6 44. f5+ Bxf5 45. Nxf5 Kxf5 46. Kc3 Nh4 47. Ba3 Nf3 48. Bxf3 exf3 49. Kd3 Kg4 50. Bd6 Bh4 51. Ke3 Bg5+ 52. Kd3 Kh3 53. Bg3 Kg2 54. Kc2 Be3 0-1

[Event "EU-ch 23rd"]
[Site "Vrnjacka Banja"]
[Date "2023.03.12"]
[Round "10"]
[White "Mitsis, Georgios"]
[Black "Remolar Gallen, Jose"]
[Result "1-0"]
[WhiteElo "2407"]
[BlackElo "2290"]
[PlyCount "85"]
[EventDate "2023.03.03"]
[EventType "swiss"]
[EventRounds "11"]
[EventCountry "SRB"]
[SourceTitle "CBM 213"]
[Source "ChessBase"]
[SourceDate "2023.04.30"]
[SourceVersion "1"]
[SourceVersionDate "2023.04.30"]
[SourceQuality "1"]

1. d4 Nf6 2. c4 g6 3. Nc3 d5 4. cxd5 Nxd5 5. Bd2 Bg7 6. e4 Nxc3 7. Bxc3 0-0 8. Qd2 Nd7 9. Ne2 e5 10. d5 Qh4 11. Ng3 c6 12. dxc6 bxc6 13. Qc2 Rb8 14. Qa4 Qe7 15. Be2 Nb6 16. Qc2 Be6 17. 0-0 Qc5 18. Rfc1 Bh6 19. b4 Qe7 20. Rcb1 Bc4 21. a4 Qe6 22. Bxe5 Qxe5 23. Bxc4 Rfd8 24. Bd3 Qd4 25. Be2 Bf8 26. b5 cxb5 27. Bxb5 Rbc8 28. Qe2 a5 29. Nf1 Bb4 30. Rd1 Qe5 31. g3 Bc3 32. Rab1 Rd4 33. Rxd4 Qxd4 34. Rd1 Qb4 35. e5 Qb3 36. Rd6 Nc4 37. Rd3 Nb2 38. Re3 Nd1 39. Re4 Bb4 40. Bc4 Qb1 41. Qf3 Rf8 42. Rf4 Qc1 43. Bb3 1-0

[Event "EU-ch 23rd"]
[Site "Vrnjacka Banja"]
[Date "2023.03.07"]
[Round "5"]
[White "Muradli, Mahammad"]
[Black "Mitsis, Georgios"]
[Result "1/2-1/2"]
[WhiteElo "2539"]
[BlackElo "2407"]
[PlyCount "136"]
[EventDate "2023.03.03"]
[EventType "swiss"]
[EventRounds "11"]
[EventCountry "SRB"]
[SourceTitle "CBM 213"]
[Source "ChessBase"]
[SourceDate "2023.04.30"]
[SourceVersion "1"]
[SourceVersionDate "2023.04.30"]
[SourceQuality "1"]

1. c4 e6 2. g3 d5 3. Bg2 Nf6 4. Nf3 Be7 5. d4 0-0 6. 0-0 c6 7. Qc2 b6 8. Nbd2 c5 9. dxc5 bxc5 10. b3 Bb7 11. cxd5 exd5 12. Bb2 Nbd7 13. Rad1 Qb6 14. e4 d4 15. Rfe1 a5 16. Nc4 Qa7 17. a4 Rfe8 18. Bc1 Nb8 19. Nfe5 Nc6 20. Bd2 Nxe5 21. Nxe5 Bd6 22. Nc4 Bc7 23. f4 Bc6 24. e5 Bxg2 25. Kxg2 Qb7+ 26. Kg1 Nd7 27. Qd3 Qd5 28. Re2 f6 29. exf6 Nxf6 30. Rde1 Rxe2 31. Rxe2 Kf8 32. h3 h5 33. Re1 Ra6 34. f5 Kg8 35. Bg5 Rc6 36. Re7 Bd8 37. Re5 Qd7 38. Qf3 Rc8 39. Re6 Rb8 40. Rd6 Qf7 41. Ne5 Qc7 42. Re6 Rc8 43. Kg2 Be7 44. Ng6 Bd8 45. Qxh5 Qxg3+ 46. Kxg3 Nxh5+ 47. Kg4 Nf6+ 48. Bxf6 gxf6 49. Re7 c4 50. bxc4 d3 51. Kf3 Bb6 52. Rb7 Bc5 53. Rd7 Bb4 54. Rxd3 Rxc4 55. Rd7 Ba3 56. Rd1 Bb2 57. Rd2 Bc1 58. Rd1 Bb2 59. Rb1 Bc1 60. Ke2 Bg5 61. Ra1 Kf7 62. Kd3 Rb4 63. Kc3 Be3 64. Re1 Bg5 65. Ra1 Be3 66. Ra2 Bg5 67. Kc2 Rd4 68. Ra3 Rb4 1/2-1/2

[Event "EU-ch 23rd"]
[Site "Vrnjacka Banja"]
[Date "2023.03.04"]
[Round "2"]
[White "Mitsis, Georgios"]
[Black "Nesterov, Arseniy"]
[Result "1/2-1/2"]
[WhiteElo "2407"]
[BlackElo "2568"]
[PlyCount "161"]
[EventDate "2023.03.03"]
[EventType "swiss"]
[EventRounds "11"]
[EventCountry "SRB"]
[SourceTitle "CBM 213"]
[Source "ChessBase"]
[SourceDate "2023.04.30"]
[SourceVersion "1"]
[SourceVersionDate "2023.04.30"]
[SourceQuality "1"]

1. d4 Nf6 2. c4 e6 3. Nf3 d5 4. g3 dxc4 5. Bg2 Nc6 6. Qa4 Bb4+ 7. Bd2 Nd5 8. Bxb4 Ndxb4 9. Nc3 Bd7 10. 0-0 a5 11. Qd1 Nd5 12. e4 Nxc3 13. bxc3 0-0 14. a4 Ne7 15. Ne5 b5 16. d5 exd5 17. exd5 Ra6 18. axb5 Bxb5 19. Qd4 Nf5 20. Qc5 Nd6 21. Rfb1 Rb6 22. Rxa5 Nb7 23. Qxb6 cxb6 24. Raxb5 Nc5 25. Nxc4 Qf6 26. Rxb6 Qxc3 27. Ne3 g6 28. d6 Re8 29. Rb8 Rxb8 30. Rxb8+ Kg7 31. Rb1 Nd7 32. Rd1 f5 33. Nd5 Qb3 34. Ne3 Qc3 35. Bf1 Qc5 36. Be2 h5 37. Bc4 h4 38. Rd5 Qb6 39. Rd1 Qc6 40. Bf1 Ne5 41. Bg2 Qa4 42. Rd5 Nd7 43. Bf1 Qa1 44. Rd1 Qb2 45. Nc4 Qc3 46. Be2 Qc2 47. Rd2 Qb1+ 48. Bf1 Kh6 49. Rd4 h3 50. Rd5 Qe4 51. Rd1 Qc6 52. Ne3 Ne5 53. Bxh3 Nf3+ 54. Kh1 Ne1+ 55. Ng2 Nxg2 56. Bxg2 Qc2 57. Rf1 Qd2 58. Bf3 Qxd6 59. Kg2 Qb4 60. Rc1 g5 61. h3 g4 62. hxg4 fxg4 63. Bc6 Qd6 64. Be4 Qd4 65. Re1 Kg5 66. Re3 Qc4 67. Bd3 Qc6+ 68. Kg1 Qc1+ 69. Bf1 Qa1 70. Re4 Kf5 71. Rf4+ Kg5 72. Kg2 Qa8+ 73. Kh2 Qh8+ 74. Kg1 Qa1 75. Rc4 Kf5 76. Rc8 Qb1 77. Rf8+ Kg5 78. Rg8+ Kf5 79. Rg7 Qa1 80. Rb7 Kg5 81. Rb5+ 1/2-1/2

[Event "GRE-ch 71st"]
[Site "Athens"]
[Date "2022.12.08"]
[Round "6"]
[White "Mitsis, Georgios"]
[Black "Alexakis, Dimitris"]
[Result "1/2-1/2"]
[WhiteElo "2365"]
[BlackElo "2486"]
[PlyCount "161"]
[EventDate "2022.12.03"]
[EventType "tourn"]
[EventRounds "9"]
[EventCountry "GRE"]
[EventCategory "4"]
[SourceTitle "CBM 211 Extra"]
[Source "ChessBase"]
[SourceDate "2023.01.31"]
[SourceVersion "1"]
[SourceVersionDate "2023.01.31"]
[SourceQuality "1"]

1. d4 Nf6 2. Nf3 c5 3. d5 b5 4. Bg5 g6 5. Bxf6 exf6 6. e4 b4 7. Nbd2 Bg7 8. Nc4 0-0 9. Bd3 d6 10. 0-0 Qc7 11. Nfd2 Nd7 12. f4 Nb6 13. a4 f5 14. exf5 Bb7 15. fxg6 fxg6 16. f5 gxf5 17. Rxf5 Nxd5 18. Qg4 Kh8 19. Nf3 Nf6 20. Qh4 Bxf3 21. Rxf3 d5 22. Ne3 c4 23. Bf5 h6 24. Rd1 Qe5 25. b3 cxb3 26. cxb3 Ng8 27. Rxd5 Qa1+ 28. Rd1 Qe5 29. Rd5 Qa1+ 30. Rf1 Qc3 31. Rd3 Qc5 32. Qc4 Qb6 33. Rf3 Rae8 34. Kf1 Ne7 35. Be4 Ng6 36. a5 Rxf3+ 37. gxf3 Qf6 38. Qc6 Qxc6 39. Bxc6 Rc8 40. Be4 Nf4 41. Rd7 Rc1+ 42. Kf2 Bc3 43. Nf5 Nh3+ 44. Kg3 Ng5 45. Kg4 Rg1+ 46. Kh5 Ne6 47. Ng3 Rg2 48. Rh7+ Kg8 49. Rxa7 Rxh2+ 50. Kg4 h5+ 51. Nxh5 Rg2+ 52. Ng3 Kf8 53. f4 Rg1 54. Kf3 Nd4+ 55. Kf2 Ra1 56. Bd5 Be1+ 57. Ke3 Nc2+ 58. Kf3 Rd1 59. Be4 Nd4+ 60. Kg4 Bxg3 61. Kxg3 Nxb3 62. Rb7 Nxa5 63. Rxb4 Rc1 64. Bd5 Ke7 65. Kg4 Rc5 66. Ba2 Rc2 67. Re4+ Kf8 68. Be6 Nb7 69. Bd5 Rc7 70. Rb4 Nd6 71. Rb6 Ke7 72. Rb1 Kf6 73. Re1 Re7 74. Ra1 Rg7+ 75. Kf3 Rc7 76. Ra6 Ke7 77. Kg4 Rc5 78. Ba2 Rc1 79. Ra7+ Kf6 80. Rd7 Rd1 81. Bb3 1/2-1/2

[Event "GRE-ch 70th"]
[Site "Lamia"]
[Date "2021.12.06"]
[Round "3"]
[White "Mastrovasilis, Athanasios"]
[Black "Mitsis, Georgios"]
[Result "1-0"]
[WhiteElo "2531"]
[BlackElo "2355"]
[PlyCount "133"]
[EventDate "2021.12.04"]
[EventType "tourn"]
[EventRounds "9"]
[EventCountry "GRE"]
[EventCategory "9"]
[SourceTitle "CBM 205 Extra"]
[Source "ChessBase"]
[SourceDate "2022.01.31"]
[SourceVersion "1"]
[SourceVersionDate "2022.01.31"]
[SourceQuality "1"]

1. d4 Nf6 2. c4 e6 3. Nc3 Bb4 4. Bd2 0-0 5. Nf3 b6 6. g3 Ba6 7. Qa4 c5 8. a3 Bxc3 9. Bxc3 d5 10. cxd5 exd5 11. e3 Bxf1 12. Kxf1 Ne4 13. Kg2 c4 14. h4 f6 15. h5 a6 16. Nh4 Re8 17. f3 Ng5 18. Qc2 Nf7 19. Rae1 Nc6 20. g4 Qd7 21. Nf5 Nd6 22. Ng3 b5 23. Bb4 Nxb4 24. axb4 a5 25. bxa5 Rxa5 26. h6 g6 27. Qd2 Ra4 28. Ra1 b4 29. Rxa4 Qxa4 30. Re1 c3 31. bxc3 Nc4 32. Qc1 b3 33. e4 Qa2+ 34. Re2 b2 35. Qf4 Qa7 36. Re1 Na3 37. Qxf6 b1Q 38. Rxb1 Nxb1 39. exd5 Qf7 40. Ne4 Rb8 41. Qe5 Rf8 42. Ng5 Qd7 43. Ne4 Qf7 44. f4 Na3 45. Nd6 Qc7 46. Qe6+ Kh8 47. Qe5+ Kg8 48. f5 Nb1 49. Qe6+ Kh8 50. Qe5+ Kg8 51. c4 Nd2 52. c5 Nb3 53. Qe6+ Kh8 54. Qe5+ Kg8 55. c6 Na5 56. Qe6+ Kh8 57. Qe5+ Kg8 58. Kh3 Nb3 59. Qe6+ Kh8 60. Qe5+ Kg8 61. Ne4 Qxe5 62. dxe5 gxf5 63. gxf5 Nd4 64. c7 Rc8 65. d6 Nc6 66. e6 Kh8 67. f6 1-0

[Event "Greek World Cup Qual Hybrid"]
[Site "Tornelo INT"]
[Date "2021.06.08"]
[Round "7"]
[White "Kourkoulos Arditis, Stamatis"]
[Black "Mitsis, Georgios"]
[Result "1/2-1/2"]
[WhiteElo "2485"]
[BlackElo "2355"]
[PlyCount "61"]
[EventDate "2021.06.02"]
[EventType "tourn"]
[EventRounds "7"]
[EventCountry "GRE"]
[EventCategory "10"]
[SourceTitle "CBM 202 Extra"]
[Source "ChessBase"]
[SourceDate "2021.07.31"]
[SourceVersion "1"]
[SourceVersionDate "2021.07.31"]
[SourceQuality "1"]

1. Nf3 d5 2. g3 Nf6 3. Bg2 e6 4. 0-0 Be7 5. c4 0-0 6. b3 b6 7. Bb2 Bb7 8. e3 c5 9. d4 Nbd7 10. Nbd2 Rc8 11. Rc1 Rc7 12. dxc5 Nxc5 13. Ne5 Qa8 14. Ng4 Ncd7 15. Nxf6+ Nxf6 16. Be5 Rd7 17. Bxf6 Bxf6 18. cxd5 Bxd5 19. Bxd5 Qxd5 20. Ne4 Rfd8 21. Qxd5 Rxd5 22. Rc7 R5d7 23. Rfc1 h5 24. Nxf6+ gxf6 25. Kg2 Kg7 26. b4 a6 27. a4 Rxc7 28. Rxc7 Rd2 29. Rc6 Ra2 30. Rxb6 Rxa4 31. Kf3 1/2-1/2

[Event "Greek World Cup Qual Hybrid"]
[Site "Tornelo INT"]
[Date "2021.06.05"]
[Round "4"]
[White "Halkias, Stelios"]
[Black "Mitsis, Georgios"]
[Result "1/2-1/2"]
[WhiteElo "2567"]
[BlackElo "2355"]
[PlyCount "149"]
[EventDate "2021.06.02"]
[EventType "tourn"]
[EventRounds "7"]
[EventCountry "GRE"]
[EventCategory "10"]
[SourceTitle "CBM 202 Extra"]
[Source "ChessBase"]
[SourceDate "2021.07.31"]
[SourceVersion "1"]
[SourceVersionDate "2021.07.31"]
[SourceQuality "1"]

1. Nf3 d5 2. d4 Nf6 3. c4 e6 4. Nc3 Be7 5. g3 0-0 6. Bg2 c6 7. 0-0 b6 8. Ne5 Ba6 9. cxd5 cxd5 10. Bf4 Bb7 11. Rc1 Nbd7 12. Nd3 Rc8 13. Nb5 Rxc1 14. Qxc1 a6 15. Bc7 Qa8 16. Bd6 Bxd6 17. Nxd6 Qb8 18. Nxb7 Qxb7 19. Qc3 Rc8 20. Qa3 Nb8 21. e3 Ne8 22. Rd1 Nc7 23. Qd6 Ne8 24. Qa3 Nc7 25. Qd6 Ne8 26. Qf4 Qe7 27. Bf1 g6 28. h4 Qf6 29. Qg5 Kg7 30. Rc1 Rxc1 31. Nxc1 Nd6 32. Bd3 Qxg5 33. hxg5 h6 34. gxh6+ Kxh6 35. Kf1 Kg7 36. Ke1 Ne8 37. Be2 Nc7 38. Nd3 g5 39. g4 Kf6 40. Ne5 Ke7 41. f4 f6 42. Nf3 gxf4 43. exf4 Nc6 44. Kd2 Nb4 45. a3 Nc6 46. Ke3 a5 47. Bd3 Kf7 48. Kd2 Nd8 49. Ke3 Nc6 50. b3 Na7 51. g5 Nc8 52. Nh2 Nd6 53. Ng4 Nce8 54. Kf3 Kg7 55. a4 Kf7 56. Kg3 Ng7 57. Nh6+ Ke7 58. Ng8+ Kf7 59. Nh6+ Ke7 60. Kf3 f5 61. Ng8+ Kf7 62. Nf6 Ke7 63. Ng8+ Kf7 64. Nf6 Ke7 65. Bb5 Nxb5 66. axb5 Ne8 67. Nxe8 Kxe8 68. Ke3 Kf7 69. Kd2 Kg6 70. Ke3 Kf7 71. Kf2 Kg7 72. Kg3 Kh7 73. Kh3 Kg7 74. Kh4 Kg6 75. Kg3 1/2-1/2

[Event "Greek World Cup Qual Hybrid"]
[Site "Tornelo INT"]
[Date "2021.06.02"]
[Round "1"]
[White "Mitsis, Georgios"]
[Black "Krallis, Christos"]
[Result "1-0"]
[WhiteElo "2355"]
[BlackElo "2442"]
[PlyCount "99"]
[EventDate "2021.06.02"]
[EventType "tourn"]
[EventRounds "7"]
[EventCountry "GRE"]
[EventCategory "10"]
[SourceTitle "CBM 202 Extra"]
[Source "ChessBase"]
[SourceDate "2021.07.31"]
[SourceVersion "1"]
[SourceVersionDate "2021.07.31"]
[SourceQuality "1"]

1. Nf3 Nf6 2. g3 d5 3. Bg2 g6 4. c4 dxc4 5. Na3 Bg7 6. Nxc4 0-0 7. 0-0 Nc6 8. Rb1 Nd5 9. d3 Nb6 10. b3 Nd5 11. Bb2 Nc3 12. Bxc3 Bxc3 13. Qc2 Bg7 14. b4 a5 15. a3 axb4 16. axb4 Be6 17. b5 Na5 18. Nfd2 Nxc4 19. dxc4 Qd4 20. Bxb7 Ra3 21. Rbc1 Rd8 22. Nb1 Qa7 23. Nxa3 Qxb7 24. Rfd1 Ra8 25. Nb1 Bh6 26. Nd2 Bf5 27. Qc3 Bg4 28. Qd3 Ra2 29. Ra1 Bh3 30. Nf3 Qa7 31. Rxa2 Qxa2 32. Qe4 Bf8 33. Re1 Be6 34. c5 Qa5 35. Qd3 Bg4 36. Rc1 h5 37. Kg2 Bh6 38. Rd1 Kh7 39. Rb1 Qa4 40. Qb3 Qe4 41. Qxf7+ Bg7 42. Re1 Qb4 43. Rc1 Qxb5 44. Qxe7 Qb2 45. Rd1 Qc2 46. Rd8 Qc4 47. h4 Bxf3+ 48. exf3 c6 49. Rd7 Qc3 50. Rc7 1-0

[Event "EU-ch Online U18"]
[Site "Tornelo INT"]
[Date "2020.09.20"]
[Round "7"]
[White "Sidorika, Vladislav"]
[Black "Mitsis, Georgios"]
[Result "1-0"]
[WhiteElo "2355"]
[BlackElo "2355"]
[PlyCount "95"]
[EventDate "2020.09.18"]
[EventType "swiss (rapid)"]
[EventRounds "9"]
[EventCountry "ENG"]
[SourceTitle "CBM 198 Extra"]
[Source "ChessBase"]
[SourceDate "2020.11.30"]
[SourceVersion "1"]
[SourceVersionDate "2020.11.30"]
[SourceQuality "1"]

1. c4 e6 2. g3 d5 3. Bg2 dxc4 4. Qa4+ Nd7 5. Qxc4 a6 6. Qc2 c5 7. Nf3 Ne7 8. 0-0 Nc6 9. b3 Be7 10. Bb2 Bf6 11. Bxf6 Qxf6 12. Nc3 0-0 13. Ne4 Qe7 14. Rac1 b6 15. d4 f5 16. Ned2 Nb4 17. Qb2 Bb7 18. a3 Nd5 19. dxc5 Nxc5 20. Nc4 Rac8 21. Rfd1 b5 22. Nce5 Ne4 23. Nd4 Ndc3 24. Rd3 Nd5 25. Rdd1 Ndc3 26. Rd3 Nd5 27. b4 Rxc1+ 28. Qxc1 Rc8 29. Qb2 Qd6 30. Nef3 g6 31. Nb3 Qc7 32. Nfd4 e5 33. Ne6 Qe7 34. Nec5 Nxc5 35. Nxc5 e4 36. Nxb7 Qxb7 37. Rd2 Nb6 38. Qf6 Nc4 39. Qe6+ Kh8 40. Rd7 Qc6 41. Qf7 Qxd7 42. Qxd7 Rf8 43. e3 Rf6 44. a4 Rd6 45. Qe8+ Kg7 46. h4 Rd1+ 47. Kh2 Rd2 48. Qe7+ 1-0

[Event "EU-ch Online U18"]
[Site "Tornelo INT"]
[Date "2020.09.19"]
[Round "5"]
[White "Mitsis, Georgios"]
[Black "Willow, Jonah B"]
[Result "1-0"]
[WhiteElo "2355"]
[BlackElo "2386"]
[PlyCount "159"]
[EventDate "2020.09.18"]
[EventType "swiss (rapid)"]
[EventRounds "9"]
[EventCountry "ENG"]
[SourceTitle "CBM 198 Extra"]
[Source "ChessBase"]
[SourceDate "2020.11.30"]
[SourceVersion "1"]
[SourceVersionDate "2020.11.30"]
[SourceQuality "1"]

1. d4 d5 2. Nf3 Nf6 3. c4 dxc4 4. e3 Bg4 5. Bxc4 e6 6. Nc3 a6 7. Be2 Nc6 8. 0-0 Bd6 9. h3 Bh5 10. b3 0-0 11. Bb2 Qe7 12. Rc1 Rfd8 13. Nd2 Bxe2 14. Qxe2 e5 15. d5 Nb8 16. Nc4 Nbd7 17. e4 Nf8 18. Ne3 g6 19. g3 N8d7 20. Rc2 Nc5 21. Ng4 h5 22. Nxf6+ Qxf6 23. h4 Nd7 24. Nb1 Qe7 25. Nd2 Re8 26. Kg2 Kh7 27. Rfc1 Nb6 28. Bc3 Ba3 29. Rf1 Rac8 30. Nb1 Bb4 31. Bb2 Qd7 32. Rfc1 Bd6 33. a4 Qe7 34. Nd2 f6 35. Rh1 Qf7 36. Nf3 Nd7 37. Rhc1 Kg8 38. Nd2 Nb6 39. f3 f5 40. Bc3 f4 41. Ba5 Na8 42. Nc4 Bf8 43. Bc3 Bg7 44. Bb2 fxg3 45. Nd6 Qf4 46. Nxe8 Rxe8 47. Rh1 Rf8 48. Bc1 Qf6 49. Bg5 Qb6 50. Qe3 Qd6 51. Rhc1 Kh7 52. Qc5 Qd7 53. Qe3 Qd6 54. Kxg3 Rf7 55. Kg2 Qd7 56. Rc3 Rf8 57. R1c2 Re8 58. Qa7 Qc8 59. d6 c6 60. Rd3 Qd7 61. b4 Rc8 62. Qe3 b6 63. Rd1 Bf8 64. Qc3 Bg7 65. Qd3 b5 66. a5 Bf8 67. Qc3 Bg7 68. Qc5 Kg8 69. Re2 Kh7 70. Red2 Kg8 71. Kh2 Kh7 72. Rc1 Kg8 73. Qg1 Rf8 74. Qg3 Kh7 75. Rg1 Rg8 76. Kg2 Rf8 77. Kh1 Rg8 78. Rdd1 Bh8 79. Kh2 Bg7 80. Qh3 1-0

[Event "GRE-ch 69th"]
[Site "Thessaloniki"]
[Date "2019.11.27"]
[Round "8"]
[White "Ioannidis, Evgenios"]
[Black "Mitsis, Georgios"]
[Result "1/2-1/2"]
[WhiteElo "2379"]
[BlackElo "2348"]
[PlyCount "117"]
[EventDate "2019.11.20"]
[EventType "tourn"]
[EventRounds "9"]
[EventCountry "GRE"]
[EventCategory "5"]
[SourceTitle "CBM 193 Extra"]
[Source "ChessBase"]
[SourceDate "2020.01.31"]
[SourceVersion "1"]
[SourceVersionDate "2020.01.31"]
[SourceQuality "1"]

1. d4 Nf6 2. c4 e6 3. Nf3 d5 4. Nc3 Nbd7 5. g3 c6 6. Bg2 Be7 7. 0-0 0-0 8. b3 b6 9. Bf4 Nh5 10. Bc1 Nhf6 11. Qc2 Bb7 12. Rd1 Rc8 13. e4 dxe4 14. Ne5 c5 15. dxc5 Bxc5 16. Bg5 Qc7 17. Nxd7 Nxd7 18. Nxe4 Bxe4 19. Qxe4 h6 20. Bf4 Nf6 21. Bxc7 Nxe4 22. Bxb6 axb6 23. Bxe4 f5 24. Bf3 e5 25. Bd5+ Kh8 26. a3 h5 27. Ra2 Rf6 28. Kg2 g5 29. b4 Bd4 30. f4 gxf4 31. gxf4 Rg6+ 32. Kh3 Rc7 33. Re2 Ra7 34. Rd3 exf4 35. Re8+ Kh7 36. Be6 Rg5 37. Rd8 Be3 38. R8d7+ Rxd7 39. Bxd7 Kg6 40. Rd6+ Kg7 41. Bc6 Rg1 42. Kh4 Ra1 43. Rd3 Kf6 44. Kxh5 Ra2 45. h4 Rc2 46. Rd6+ Ke7 47. Rd7+ Kf6 48. Bd5 f3 49. Rf7+ Ke5 50. Bxf3 Rxc4 51. Kg6 Rxh4 52. Rxf5+ Kd4 53. Rd5+ Kc4 54. Rd7 Rd4 55. Rc7+ Kb3 56. b5 Bf2 57. Ra7 Be1 58. Ra6 Ba5 59. Kf5 1/2-1/2

[Event "GRE-ch 69th"]
[Site "Thessaloniki"]
[Date "2019.11.25"]
[Round "6"]
[White "Megalios, Konstantinos"]
[Black "Mitsis, Georgios"]
[Result "1/2-1/2"]
[WhiteElo "2386"]
[BlackElo "2348"]
[PlyCount "57"]
[EventDate "2019.11.20"]
[EventType "tourn"]
[EventRounds "9"]
[EventCountry "GRE"]
[EventCategory "5"]
[SourceTitle "CBM 193 Extra"]
[Source "ChessBase"]
[SourceDate "2020.01.31"]
[SourceVersion "1"]
[SourceVersionDate "2020.01.31"]
[SourceQuality "1"]

1. Nf3 d5 2. g3 Nd7 3. d4 e6 4. c4 dxc4 5. Bg2 Rb8 6. a4 a6 7. a5 Bb4+ 8. Nc3 Ne7 9. 0-0 0-0 10. Qa4 Nc6 11. Nd2 Qe7 12. Bxc6 bxc6 13. Qxc6 Bb7 14. Qxc4 c5 15. dxc5 Qxc5 16. Qxc5 Nxc5 17. Nc4 Nb3 18. Bf4 Rbc8 19. Nd6 Nxa1 20. Nxc8 Rxc8 21. Rxa1 Bxc3 22. bxc3 Rxc3 23. Rb1 Bc8 24. Rc1 Rxc1+ 25. Bxc1 Bd7 26. Bd2 Bc8 27. Bc1 Bd7 28. Bd2 Bc8 29. Bc1 1/2-1/2